| Tag |
First Indicator |
Second Indicator |
Subfields |
| LEADER |
00000cam a2200000 a 4500 |
| 001 |
in00001168356 |
| 005 |
20151001082935.0 |
| 008 |
930825s1993 nyua b 101 0 eng |
| 010 |
|
|
|a 93034455
|
| 020 |
|
|
|a 0387562338 (alk. paper)
|
| 020 |
|
|
|a 3540562338 (Berlin : alk. paper)
|
| 035 |
|
|
|a (OCoLC)28845593
|
| 035 |
|
|
|9 AGF5704AM
|
| 040 |
|
|
|a DLC
|c DLC
|d TXA
|d UtOrBLW
|
| 049 |
|
|
|a TXAM
|
| 050 |
0 |
0 |
|a TA5
|b .A65 1993
|
| 082 |
0 |
0 |
|a 620/.001/5261
|2 20
|
| 245 |
0 |
0 |
|a Applications of geodesy to engineering /
|c convened and edited by Klaus Linkwitz, Viktor Eisele, Hans-Joachim Mönicke.
|
| 264 |
|
1 |
|a New York :
|b Springer-Verlag,
|c [1993]
|
| 264 |
|
4 |
|c ©1993
|
| 300 |
|
|
|a ix, 431 pages :
|b illustrations ;
|c 28 cm.
|
| 336 |
|
|
|a text
|b txt
|2 rdacontent
|
| 337 |
|
|
|a unmediated
|b n
|2 rdamedia
|
| 338 |
|
|
|a volume
|b nc
|2 rdacarrier
|
| 490 |
1 |
|
|a International Association of Geodesy symposia ;
|v symposium no. 108
|
| 500 |
|
|
|a Sponsored by the International Union of Geodesy and Geophysics and the International Association of Geodesy.
|
| 504 |
|
|
|a Includes bibliographical references and index.
|
| 650 |
|
0 |
|a Engineering
|x Congresses.
|
| 650 |
|
0 |
|a Geodesy
|v Congresses.
|
| 700 |
1 |
|
|a Linkwitz, K.
|q (Klaus),
|d 1927-
|
| 700 |
1 |
|
|a Eisele, V.
|q (Viktor),
|d 1929-
|
| 700 |
1 |
|
|a Mönicke, H.-J.
|q (Hans-Joachim),
|d 1949-
|
| 710 |
2 |
|
|a International Union of Geodesy and Geophysics.
|
| 710 |
2 |
|
|a International Association of Geodesy.
|
| 830 |
|
0 |
|a International Association of Geodesy symposia ;
|v symposium 108.
|
| 999 |
|
|
|a MARS
|
| 999 |
f |
f |
|s 184adcd9-82a8-3d64-a30e-68a82f67dd1f
|i 24857aa4-af6f-3478-aff4-2d215810a94a
|t 0
|
| 952 |
f |
f |
|p ric
|a Texas A&M University
|b Rellis Campus
|c Joint Library Facility
|d Remote Storage
|t 0
|e TA5 .A65 1993
|h Library of Congress classification
|i unmediated -- volume
|m A14818165756
|
| 998 |
f |
f |
|a TA5 .A65 1993
|t 0
|l Remote Storage
|